[Event "PRO League Group Stage"]
[Site "chess.com INT"]
[Date "2018.02.24"]
[Round "7"]
[White "Degraeve, Jean-Marc"]
[Black "Lenderman, Aleksandr"]
[Result "1/2-1/2"]
[WhiteTitle "GM"]
[BlackTitle "GM"]
[WhiteElo "2570"]
[BlackElo "2611"]
[WhiteTeam "Marseille Migraines"]
[BlackTeam "Montclair Sopranos"]
[WhiteFideId "600270"]
[BlackFideId "2021285"]
[EventDate "2018.01.18"]

1. e4 e6 2. d4 d5 3. Nd2 c5 4. Ngf3 cxd4 5. Nxd4 Nc6 6. Bb5 Bd7 7. Nxc6 bxc6 8.
Bd3 Qc7 9. Nf3 dxe4 10. Bxe4 Nf6 11. Qe2 Be7 12. O-O O-O 13. Ne5 Nxe4 14. Qxe4
Rfd8 15. Bf4 Qb7 16. Nxd7 Rxd7 17. Be5 Rad8 18. c4 Bd6 19. Bc3 Bb4 20. Be5 f6
21. Bf4 e5 22. Be3 Bd2 23. b3 Bxe3 24. Qxe3 Rd4 25. Qe2 Qd7 26. b4 Qe6 27. Rfc1
Rd2 28. Qe3 R8d4 29. a4 Rb2 30. b5 c5 31. a5 Qd6 32. b6 axb6 33. a6 Qc6 34. a7
Qa8 35. Qf3 e4 36. Qf5 Rdd2 37. h3 Kf7 38. Qh5+ Kg8 39. Qf5 Kf7 40. Qh5+ Kg8 41.
Qf5 1/2-1/2

[Event "PRO League Group Stage"]
[Site "chess.com INT"]
[Date "2018.02.24"]
[Round "7"]
[White "Degraeve, Jean-Marc"]
[Black "Yu, Yangyi"]
[Result "0-1"]
[WhiteTitle "GM"]
[BlackTitle "GM"]
[WhiteElo "2570"]
[BlackElo "2760"]
[WhiteTeam "Marseille Migraines"]
[BlackTeam "Chengdu Pandas"]
[WhiteFideId "600270"]
[BlackFideId "8603820"]
[EventDate "2018.01.18"]

1. e4 c5 2. Nf3 d6 3. Bb5+ Bd7 4. Bxd7+ Nxd7 5. O-O Ngf6 6. d3 g6 7. Ng5 h6 8.
Nh3 g5 9. f4 g4 10. Nf2 h5 11. b3 Bh6 12. a4 Rg8 13. g3 Qc7 14. Na3 Qc6 15. Nc4
d5 16. exd5 Nxd5 17. Ne4 Bg7 18. Bd2 Bd4+ 19. Kh1 f5 20. Na5 Qa6 21. Nf2 h4 22.
Qe2 Rh8 23. Kg2 Nc3 24. Bxc3 Bxc3 25. Rae1 O-O-O 26. Nc4 Qc6+ 27. Kg1 hxg3 28.
hxg3 Bd4 29. Ne3 Qh6 0-1

[Event "PRO League Group Stage"]
[Site "chess.com INT"]
[Date "2018.02.24"]
[Round "7"]
[White "Degraeve, Jean-Marc"]
[Black "Caruana, Fabiano"]
[Result "0-1"]
[WhiteTitle "GM"]
[BlackTitle "GM"]
[WhiteElo "2570"]
[BlackElo "2811"]
[WhiteTeam "Marseille Migraines"]
[BlackTeam "Saint Louis Arch Bishops"]
[WhiteFideId "600270"]
[BlackFideId "2020009"]
[EventDate "2018.01.18"]

1. e4 e5 2. Nf3 Nc6 3. Nc3 Nf6 4. d4 exd4 5. Nxd4 Bb4 6. Nxc6 bxc6 7. Bd3 O-O 8.
O-O d6 9. a3 Bc5 10. Na4 Bb6 11. Nxb6 axb6 12. Re1 h6 13. Bf4 Ng4 14. e5 dxe5
15. Bxe5 Nxe5 16. Rxe5 Qf6 17. Qe2 Be6 18. Re1 Ra4 19. c3 Rd8 20. Bc2 Rg4 21.
Qxg4 Qxe5 22. Rxe5 Bxg4 23. f3 Be6 24. Kf2 g6 25. Ke1 Kg7 26. Re2 Kf6 27. Rd2
Rh8 28. Be4 c5 29. Bd5 Bf5 30. Kf2 h5 31. h4 Rd8 32. Ke3 Rd7 33. Bc4 Re7+ 34.
Kf2 g5 35. hxg5+ Kxg5 36. b4 cxb4 37. cxb4 Bd7 38. Re2 Rxe2+ 39. Kxe2 f5 40. Kf2
Ba4 41. Bf7 h4 42. g3 hxg3+ 43. Kxg3 f4+ 44. Kf2 Kf6 45. Ke2 Kxf7 0-1

[Event "PRO League Group Stage"]
[Site "chess.com INT"]
[Date "2018.02.24"]
[Round "7"]
[White "Degraeve, Jean-Marc"]
[Black "Xiong, Jeffery"]
[Result "1/2-1/2"]
[WhiteTitle "GM"]
[BlackTitle "GM"]
[WhiteElo "2570"]
[BlackElo "2634"]
[WhiteTeam "Marseille Migraines"]
[BlackTeam "Dallas Destiny"]
[WhiteFideId "600270"]
[BlackFideId "2047640"]
[EventDate "2018.01.18"]

1. e4 e5 2. Nf3 Nc6 3. Nc3 Nf6 4. d4 exd4 5. Nxd4 Bb4 6. Nxc6 bxc6 7. Bd3 O-O 8.
O-O Re8 9. Qf3 Rb8 10. h3 Bc5 11. b3 Bd4 12. Bb2 d6 13. Rad1 c5 14. Na4 Bb7 15.
Bxd4 cxd4 16. Rfe1 c5 17. Nb2 Nd7 18. Nc4 Ne5 19. Nxe5 Rxe5 20. Qf4 Qe7 21. Re2
Re8 22. Rde1 Qc7 23. Qd2 Qc6 24. c3 dxc3 25. Qxc3 Ba6 26. Bxa6 Qxa6 27. f4 R5e6
28. e5 dxe5 29. fxe5 Qb5 30. Rc2 Rc8 31. Qc4 Qb8 32. b4 Rxe5 33. Rxe5 Qxe5 34.
bxc5 Qe3+ 35. Kh1 Qe1+ 36. Kh2 Qe5+ 37. g3 h5 38. c6 h4 39. Qxh4 Rxc6 40. Rxc6
Qe2+ 41. Kg1 Qe1+ 1/2-1/2

[Event "PRO League Group Stage"]
[Site "chess.com INT"]
[Date "2018.02.24"]
[Round "7"]
[White "Becerra Rivero, Julio"]
[Black "Bernotas, Arturs"]
[Result "1-0"]
[WhiteTitle "GM"]
[BlackTitle "FM"]
[WhiteElo "2531"]
[BlackElo "2430"]
[WhiteTeam "Miami Champions"]
[BlackTeam "Riga Magicians"]
[WhiteFideId "3501728"]
[BlackFideId "11601426"]
[EventDate "2018.01.18"]

1. e4 d6 2. d4 Nf6 3. Nc3 e5 4. dxe5 dxe5 5. Qxd8+ Kxd8 6. Bc4 Ke8 7. Nf3 Bd6 8.
Bg5 a6 9. O-O-O Nbd7 10. Rhe1 h6 11. Bh4 g5 12. Bg3 Kf8 13. h4 g4 14. Nh2 Kg7
15. Nf1 b5 16. Bd5 Nxd5 17. Nxd5 Rb8 18. h5 Nf6 19. Nxf6 Kxf6 20. Ne3 Be6 21.
Bh4+ Kg7 22. Nf5+ Bxf5 23. exf5 Kh7 24. Bf6 Rhe8 25. Re4 Rg8 26. Bxe5 Rbe8 27.
Rde1 Rg5 28. Bxd6 Rxe4 29. Rxe4 cxd6 30. Kd2 Rxf5 31. Ke3 g3 32. f4 Rxh5 33. Kf3
Kg6 34. Rd4 d5 35. a4 bxa4 36. Rxa4 Rh1 37. Rxa6+ Kf5 38. Rd6 Rd1 39. Rxh6 f6
40. Rh5+ Ke6 41. Rh8 Rd2 42. Rc8 Kd7 43. Rc3 Ke6 44. Kxg3 d4 45. Rc5 Kd6 46. b4
Re2 47. Kf3 Re3+ 48. Kg4 Ke6 49. b5 Re1 50. Rc6+ Kd5 51. Rxf6 Rb1 52. Rc6 Rxb5
53. Rc8 Ke4 54. f5 Rb1 55. Kg5 Rg1 56. g4 Kf3 57. f6 Rxg4+ 58. Kf5 Rf4+ 59. Ke6
Re4+ 60. Kd6 Rf4 61. Ke7 Re4+ 62. Kf8 Ke3 63. f7 Kd2 64. Rc7 1-0

[Event "PRO League Group Stage"]
[Site "chess.com INT"]
[Date "2018.02.24"]
[Round "7"]
[White "Becerra Rivero, Julio"]
[Black "Blomqvist, Erik"]
[Result "1/2-1/2"]
[WhiteTitle "GM"]
[BlackTitle "GM"]
[WhiteElo "2531"]
[BlackElo "2502"]
[WhiteTeam "Miami Champions"]
[BlackTeam "Stockholm Snowballs"]
[WhiteFideId "3501728"]
[BlackFideId "1709437"]
[EventDate "2018.01.18"]

1. e4 c5 2. Nf3 e6 3. Nc3 Nc6 4. d4 cxd4 5. Nxd4 Qc7 6. Be3 a6 7. Bd3 Nf6 8. O-O
b5 9. Nxc6 Qxc6 10. a3 Bb7 11. Qe2 Be7 12. f4 O-O 13. e5 Nd5 14. Nxd5 Qxd5 15.
c4 bxc4 16. Bxc4 Qc6 17. Rac1 Bc5 18. Bxc5 Qxc5+ 19. Qf2 Qxf2+ 20. Kxf2 f6 21.
exf6 Rxf6 22. g3 g5 23. Ke3 gxf4+ 24. Rxf4 Rxf4 25. gxf4 Kg7 26. Bd3 Kf6 27. Rg1
Bc6 28. Rg5 a5 29. Rh5 Rb8 30. Rh6+ Ke7 31. Rxh7+ Kd6 32. b4 axb4 33. axb4 Rxb4
34. Rh8 1/2-1/2

[Event "PRO League Group Stage"]
[Site "chess.com INT"]
[Date "2018.02.24"]
[Round "7"]
[White "Becerra Rivero, Julio"]
[Black "Ehlvest, Jaan"]
[Result "0-1"]
[WhiteTitle "GM"]
[BlackTitle "GM"]
[WhiteElo "2531"]
[BlackElo "2536"]
[WhiteTeam "Miami Champions"]
[BlackTeam "Estonia Horses"]
[WhiteFideId "3501728"]
[BlackFideId "4500016"]
[EventDate "2018.01.18"]

1. e4 c6 2. d4 d5 3. Nd2 dxe4 4. Nxe4 Bf5 5. Ng3 Bg6 6. h4 h6 7. Nf3 Nd7 8. h5
Bh7 9. Bd3 Bxd3 10. Qxd3 e6 11. Bd2 Ngf6 12. O-O-O Bd6 13. Ne4 Nxe4 14. Qxe4 Nf6
15. Qe2 Bc7 16. Kb1 Qd5 17. c4 Qe4+ 18. Qxe4 Nxe4 19. Be3 O-O-O 20. Ne5 Rhf8 21.
g4 c5 22. Nf3 f5 23. dxc5 Rxd1+ 24. Rxd1 fxg4 25. Nd4 Nxf2 26. Rg1 g3 27. Nxe6
Re8 28. Nxc7 Rxe3 29. Nd5 Rf3 30. Kc2 Nh3 31. Rg2 Rf2+ 32. Rxf2 gxf2 33. Ne3 Nf4
34. Kd2 Nxh5 35. Ke2 Nf4+ 36. Kxf2 Nd3+ 37. Kf3 Nxb2 38. Nf5 Kc7 39. Ke4 h5 40.
Nxg7 h4 41. Ne6+ Kd7 42. Nf4 Kc6 43. Kd4 Na4 44. Nd3 h3 45. Ne5+ Kc7 46. Ng4 Kd7
47. Nh2 Kc6 48. Ng4 Nxc5 49. Ne5+ Kd6 50. Nf3 Ne6+ 51. Kc3 Kc5 52. Nh2 Nf4 53.
Ng4 b6 54. a3 Ng2 55. Kd3 Ne1+ 56. Kc3 Nf3 57. Nf2 h2 58. Ne4+ Kc6 59. Nf2 Ne5
60. Kd4 Ng4 61. Nh1 Kd6 62. Ke4 Ne5 63. Kd4 Nc6+ 64. Kc3 Kc5 65. Nf2 Ne5 66.
Ne4+ Kc6 67. Nf2 Ng4 68. Nh1 Kc5 69. a4 a5 0-1

[Event "PRO League Group Stage"]
[Site "chess.com INT"]
[Date "2018.02.24"]
[Round "7"]
[White "Becerra Rivero, Julio"]
[Black "Gorodetzky, David"]
[Result "1-0"]
[WhiteTitle "GM"]
[BlackTitle "FM"]
[WhiteElo "2531"]
[BlackElo "2411"]
[WhiteTeam "Miami Champions"]
[BlackTeam "London Towers"]
[WhiteFideId "3501728"]
[BlackFideId "2813416"]
[EventDate "2018.01.18"]

1. e4 e6 2. d4 d5 3. Nc3 dxe4 4. Nxe4 Nd7 5. Nf3 Ngf6 6. Bd3 c5 7. O-O Nxe4 8.
Bxe4 Nf6 9. Bg5 Be7 10. Bxf6 gxf6 11. c3 Qc7 12. d5 Bd7 13. Qe2 O-O-O 14. Rad1
f5 15. Bxf5 exd5 16. Rxd5 Bxf5 17. Rxf5 Bd6 18. Qc4 Rd7 19. Re1 Rg8 20. a4 a6
21. g3 Kb8 22. Kg2 Ka7 23. Re4 Rg6 24. Ne5 Bxe5 25. Rexe5 Qc6+ 26. Qe4 Qxe4+ 27.
Rxe4 Rb6 28. b4 cxb4 29. cxb4 Rc6 30. Ref4 Rcc7 31. Rh5 f6 32. Rhf5 Rc2 33. Rxf6
Rb2 34. a5 Rc7 35. h4 Rd7 36. h5 Rd5 37. g4 Rb5 38. Kg3 R2xb4 39. Rxb4 Rxb4 40.
Rh6 Rb5 41. Rxh7 Rxa5 42. h6 Ra1 43. Kg2 Rd1 44. Rg7 Rd8 45. h7 Rh8 46. g5 a5
47. g6 a4 48. Rg8 a3 49. Rxh8 a2 50. Ra8+ 1-0

[Event "PRO League Group Stage"]
[Site "chess.com INT"]
[Date "2018.02.24"]
[Round "7"]
[White "Tan, Justin2"]
[Black "Naroditsky, Daniel"]
[Result "0-1"]
[WhiteTitle "IM"]
[BlackTitle "GM"]
[WhiteElo "2466"]
[BlackElo "2619"]
[WhiteTeam "London Lions"]
[BlackTeam "San Jose Hackers"]
[WhiteFideId "3206882"]
[BlackFideId "2026961"]
[EventDate "2018.01.18"]

1. e4 e5 2. Nf3 Nc6 3. Bc4 Bc5 4. O-O Nf6 5. d3 a6 6. a4 d6 7. c3 Ba7 8. h3 h6
9. Re1 g5 10. Be3 g4 11. hxg4 Bxg4 12. Bxa7 Rxa7 13. Nbd2 Nh5 14. d4 Qf6 15. Qc2
Nf4 16. dxe5 dxe5 17. Re3 Rg8 18. g3 Ra8 19. Bd5 Ne7 20. Qb3 Rd8 21. Qxb7 c6 22.
Qxa6 Rg6 23. c4 Qg7 24. Qb7 cxd5 25. exd5 Bc8 26. Qb5+ Bd7 27. Qb3 Rxg3+ 28. Kf1
Bh3+ 29. Ke1 Rg1+ 30. Nxg1 Qxg1+ 31. Nf1 Qxf1+ 32. Kd2 Qxf2+ 33. Kc1 Qg1+ 34.
Kd2 Qf2+ 35. Kc1 Bf5 36. Rf3 Qe1+ 37. Qd1 Ne2# 0-1

[Event "PRO League Group Stage"]
[Site "chess.com INT"]
[Date "2018.02.24"]
[Round "7"]
[White "Tan, Justin2"]
[Black "Hambleton, Aman"]
[Result "1-0"]
[WhiteTitle "IM"]
[BlackTitle "IM"]
[WhiteElo "2466"]
[BlackElo "2501"]
[WhiteTeam "London Lions"]
[BlackTeam "Montreal Chessbrahs"]
[WhiteFideId "3206882"]
[BlackFideId "2606577"]
[EventDate "2018.01.18"]

1. e4 e6 2. d4 d5 3. Nd2 c5 4. Ngf3 cxd4 5. Nxd4 Nc6 6. Bb5 Bd7 7. Nxc6 Bxc6 8.
Bxc6+ bxc6 9. c4 Nf6 10. exd5 cxd5 11. O-O Be7 12. b3 O-O 13. Bb2 a5 14. Qf3 a4
15. Rfd1 Qb6 16. Rab1 axb3 17. axb3 Rfd8 18. Bxf6 Bxf6 19. cxd5 exd5 20. Nf1 d4
21. Nd2 g6 22. g3 Bg7 23. Nc4 Qc5 24. Rd3 Rab8 25. Re1 h5 26. Kg2 Rd5 27. Re4
Rf5 28. Qe2 Qd5 29. f3 Kh7 30. Ne3 Qb5 31. Nxf5 Qxf5 32. Re7 Rc8 33. h3 Rc1 34.
g4 Qf4 35. Qd2 Qf6 36. Rxf7 Qc6 37. Qe2 Kg8 38. Re7 h4 39. Qe6+ Qxe6 40. Rxe6
Rc2+ 41. Kf1 g5 42. Re2 Rc1+ 43. Kg2 Rb1 44. f4 gxf4 45. Kf3 Rf1+ 46. Rf2 Re1
47. Kxf4 Kf7 48. Kg5+ Ke6 49. Kxh4 Kd5 50. Rf7 Be5 51. g5 Ke4 52. Rff3 Re3 53.
Rfxe3+ dxe3 54. Rxe3+ Kxe3 55. Kg4 Ke4 56. h4 Kd5 57. Kf5 Bc3 58. h5 Kd6 59. h6
Ke7 60. g6 Kf8 61. Ke6 Kg8 62. Kd5 Bd2 63. h7+ Kg7 64. Kc4 Bf4 65. b4 Be5 66.
Kd5 Bc3 67. b5 Ba5 68. Kc6 Bc3 69. b6 Be5 70. b7 Kh8 71. Kd7 Kg7 72. Kc8 Kh8 73.
b8=Q Bxb8 74. Kxb8 Kg7 75. Kc7 Kh8 76. Kd6 Kg7 77. Ke5 Kh8 78. Kf5 Kg7 79. Kg5
Kh8 80. Kf5 Kg7 81. Ke6 Kh8 82. Kf5 Kg7 83. Kg5 Kh8 84. Kh5 Kg7 85. h8=Q+ Kxh8
86. Kh6 Kg8 87. g7 1-0

[Event "PRO League Group Stage"]
[Site "chess.com INT"]
[Date "2018.02.24"]
[Round "7"]
[White "Tan, Justin2"]
[Black "Zhao, Zong-Yuan"]
[Result "1-0"]
[WhiteTitle "IM"]
[BlackTitle "GM"]
[WhiteElo "2466"]
[BlackElo "2537"]
[WhiteTeam "London Lions"]
[BlackTeam "Australia Kangaroos"]
[WhiteFideId "3206882"]
[BlackFideId "3202534"]
[EventDate "2018.01.18"]

1. e4 e5 2. Nf3 Nc6 3. Bc4 Nf6 4. d3 Bc5 5. O-O O-O 6. h3 d5 7. exd5 Nxd5 8.
Nbd2 Nb6 9. Bb5 Nd4 10. Nxd4 exd4 11. Bc4 Nxc4 12. Nxc4 b5 13. Qh5 f5 14. Na5
Bb6 15. b4 Qd5 16. Bf4 c5 17. Rfe1 cxb4 18. Re7 Bd8 19. Re5 Qd7 20. Qf3 Rb8 21.
Rd5 Qe8 22. Bxb8 Bxa5 23. Re5 Qd7 24. Rae1 Bb7 25. Qf4 Rxb8 26. Re7 Qd8 27. Qe5 1-0

[Event "PRO League Group Stage"]
[Site "chess.com INT"]
[Date "2018.02.24"]
[Round "7"]
[White "Tan, Justin2"]
[Black "Robson, Ray"]
[Result "1-0"]
[WhiteTitle "IM"]
[BlackTitle "GM"]
[WhiteElo "2466"]
[BlackElo "2645"]
[WhiteTeam "London Lions"]
[BlackTeam "Webster Windmills"]
[WhiteFideId "3206882"]
[BlackFideId "2023970"]
[EventDate "2018.01.18"]

1. e4 c5 2. Nf3 d6 3. d4 cxd4 4. Nxd4 Nf6 5. Nc3 a6 6. h3 e5 7. Nde2 h5 8. g3
Be6 9. a4 Nbd7 10. Bg2 Be7 11. O-O O-O 12. Bg5 Rc8 13. Nc1 Rxc3 14. bxc3 Qa5 15.
Bd2 Rc8 16. Nb3 Qc7 17. Re1 Nb6 18. a5 Nc4 19. Bc1 Qc6 20. f4 Qe8 21. f5 Bd7 22.
Bg5 Nb2 23. Qf3 Na4 24. Re3 Nd5 25. Bxe7 Nxe3 26. f6 Nxg2 27. Qxh5 Nf4 28. gxf4
Nc5 29. Nxc5 Rxc5 30. Qg5 g6 31. Qh6 1-0

[Event "PRO League Group Stage"]
[Site "chess.com INT"]
[Date "2018.02.24"]
[Round "7"]
[White "Admiraal, Miguoel"]
[Black "Clarke, Brandon G I"]
[Result "0-1"]
[WhiteTitle "IM"]
[BlackTitle "FM"]
[WhiteElo "2453"]
[BlackElo "2360"]
[WhiteTeam "Amsterdam Mosquitoes"]
[BlackTeam "Australia Kangaroos"]
[WhiteFideId "1019716"]
[BlackFideId "400319"]
[EventDate "2018.01.18"]

1. d4 Nf6 2. Bf4 g6 3. Nc3 d5 4. e3 Bg7 5. Nf3 O-O 6. Nb5 Na6 7. h3 c6 8. Nc3
Nc7 9. Bd3 Nh5 10. Be5 f6 11. Bxc7 Qxc7 12. g4 Ng3 13. fxg3 Qxg3+ 14. Kd2 e5 15.
Be2 exd4 16. Nxd4 Bh6 17. Kc1 Bd7 18. Kb1 Rae8 19. a3 Bxe3 20. Nb3 f5 21. gxf5
Bxf5 22. Bd3 Bxh3 23. Ka2 Bg4 24. Be2 Be6 25. Nd4 Bf7 26. Qd3 c5 27. Nf5 d4+ 28.
b3 Qe5 0-1

[Event "PRO League Group Stage"]
[Site "chess.com INT"]
[Date "2018.02.24"]
[Round "7"]
[White "Admiraal, Miguoel"]
[Black "Thavandiran, Shiyam"]
[Result "1-0"]
[WhiteTitle "IM"]
[BlackTitle "IM"]
[WhiteElo "2453"]
[BlackElo "2399"]
[WhiteTeam "Amsterdam Mosquitoes"]
[BlackTeam "Montreal Chessbrahs"]
[WhiteFideId "1019716"]
[BlackFideId "2605058"]
[EventDate "2018.01.18"]

1. d4 Nf6 2. Bf4 e6 3. Nf3 c5 4. e3 Nc6 5. c3 d5 6. Nbd2 Bd6 7. Bg3 O-O 8. Bb5
Be7 9. Bd3 Nh5 10. Ne5 Nxe5 11. Bxh7+ Kxh7 12. Qxh5+ Kg8 13. Bxe5 b6 14. h4 f6
15. Nf3 Qe8 16. Qxe8 Rxe8 17. Bg3 a5 18. a4 Ra7 19. O-O Ba6 20. Rfe1 Bd3 21. Nd2
Rd8 22. f3 Kf7 23. Bf2 Rb7 24. e4 cxd4 25. Bxd4 e5 26. Bf2 d4 27. cxd4 exd4 28.
Nb3 Rbd7 29. Rec1 Be2 30. Rc6 d3 31. Nd2 Bb4 32. Be3 Rd6 33. Rac1 Ke6 34. Kf2
Rxc6 35. Rxc6+ Rd6 36. Rxd6+ Kxd6 37. Nc4+ Kc6 38. Nxb6 Bd1 39. Nd5 Bd6 40. Nc3
Bb3 41. f4 Bb4 42. Bd2 Bc5+ 43. Kf3 Bd4 44. g4 g6 45. h5 gxh5 46. gxh5 Bxc3 47.
Bxc3 Bd1+ 48. Ke3 Bxh5 49. Bxf6 Be2 50. Bd8 Bd1 51. Kxd3 Bxa4 52. Bxa5 1-0

[Event "PRO League Group Stage"]
[Site "chess.com INT"]
[Date "2018.02.24"]
[Round "7"]
[White "Admiraal, Miguoel"]
[Black "Nemcova, Katerina"]
[Result "1-0"]
[WhiteTitle "IM"]
[BlackTitle "WGM"]
[WhiteElo "2453"]
[BlackElo "2315"]
[WhiteTeam "Amsterdam Mosquitoes"]
[BlackTeam "Webster Windmills"]
[WhiteFideId "1019716"]
[BlackFideId "322750"]
[EventDate "2018.01.18"]

1. d4 d5 2. Bf4 Nf6 3. e3 c5 4. Nf3 Nc6 5. Nbd2 e6 6. c3 cxd4 7. exd4 Nh5 8. Be3
Bd6 9. g3 g6 10. Bg2 O-O 11. O-O f5 12. Bh6 Re8 13. c4 dxc4 14. Nxc4 Be7 15.
Nce5 Bd7 16. d5 Nb4 17. Nxd7 Qxd7 18. dxe6 Qxe6 19. Re1 Qd5 20. Nd4 Qf7 21. a3
Na6 22. Bxb7 Nc5 23. Bxa8 Rxa8 24. Nxf5 1-0

[Event "PRO League Group Stage"]
[Site "chess.com INT"]
[Date "2018.02.24"]
[Round "7"]
[White "Admiraal, Miguoel"]
[Black "Ravuri, Vinesh"]
[Result "1-0"]
[WhiteTitle "IM"]
[WhiteElo "2453"]
[BlackElo "1990"]
[WhiteTeam "Amsterdam Mosquitoes"]
[BlackTeam "San Jose Hackers"]
[WhiteFideId "1019716"]
[BlackFideId "45042632"]
[EventDate "2018.01.18"]

1. d4 Nf6 2. Bf4 g6 3. Nc3 d5 4. e3 Bg7 5. h4 c6 6. Be2 h5 7. Nf3 Bf5 8. Ng5
Nfd7 9. Bd3 Bxd3 10. cxd3 e5 11. dxe5 Nxe5 12. d4 Ng4 13. Qe2 Nd7 14. O-O-O O-O
15. Kb1 b5 16. f3 Ngf6 17. Rc1 Qa5 18. Qc2 Nb6 19. Be5 Nc4 20. e4 dxe4 21. Ngxe4
Nxe4 22. Nxe4 Qb4 23. Qc3 Qxc3 24. Rxc3 Bxe5 25. dxe5 Nxe5 26. Rc5 Nc4 27. Rxc6
Rfc8 28. Rxc8+ Rxc8 29. Rd1 Rc7 30. Nf6+ Kg7 31. Ne8+ 1-0

[Event "PRO League Group Stage"]
[Site "chess.com INT"]
[Date "2018.02.24"]
[Round "7"]
[White "Ju, Wenjun"]
[Black "Puranik, Abhimanyu"]
[Result "1/2-1/2"]
[WhiteTitle "GM"]
[BlackTitle "GM"]
[WhiteElo "2572"]
[BlackElo "2520"]
[WhiteTeam "Chengdu Pandas"]
[BlackTeam "Mumbai Movers"]
[WhiteFideId "8603006"]
[BlackFideId "5061245"]
[EventDate "2018.01.18"]

1. d4 Nf6 2. c4 g6 3. Nc3 d5 4. Nf3 Bg7 5. Bg5 Ne4 6. Bf4 Nxc3 7. bxc3 O-O 8. e3
c5 9. cxd5 Qxd5 10. Qb3 Be6 11. Qxd5 Bxd5 12. Be2 Nc6 13. O-O Rfc8 14. Rfd1 cxd4
15. cxd4 Nb4 16. Rd2 a5 17. Ne1 Bc4 18. Bxc4 Rxc4 19. Nd3 Nxd3 20. Rxd3 b5 21.
Rb3 b4 22. a3 Rac8 23. Kf1 Bf8 24. axb4 axb4 25. Rab1 e6 26. Ke2 Rc2+ 27. Kf3
Ra2 28. Rxb4 Bxb4 29. Rxb4 Rcc2 30. Bg3 h5 31. Rb7 Kg7 32. h4 Rab2 33. Rd7 Kf8
34. Ra7 Ra2 35. Rb7 Rcb2 36. Rc7 Rb5 37. Bd6+ Kg8 38. Bg3 f6 39. Rc8+ Kg7 40.
Rc7+ Kg8 41. Rc8+ Kf7 42. Rc7+ Ke8 43. Rc6 Ke7 44. Rc7+ Ke8 45. Rc8+ Ke7 46.
Rc7+ Kf8 47. Rc8+ Kf7 48. Rc7+ Ke8 49. Rc8+ Ke7 50. Rc7+ Ke8 1/2-1/2

[Event "PRO League Group Stage"]
[Site "chess.com INT"]
[Date "2018.02.24"]
[Round "7"]
[White "Ju, Wenjun"]
[Black "Cornette, Deimante"]
[Result "1/2-1/2"]
[WhiteTitle "GM"]
[BlackTitle "IM"]
[WhiteElo "2572"]
[BlackElo "2439"]
[WhiteTeam "Chengdu Pandas"]
[BlackTeam "Cannes Blockbusters"]
[WhiteFideId "8603006"]
[BlackFideId "12802859"]
[EventDate "2018.01.18"]

1. d4 d5 2. Nf3 Nf6 3. e3 e6 4. b3 b6 5. Bb2 Bb7 6. Bd3 Bd6 7. O-O O-O 8. Nbd2
Nbd7 9. Ne5 c5 10. Qe2 Qc7 11. f4 Ne4 12. Nxd7 Qxd7 13. Nxe4 dxe4 14. Bc4 Bd5
15. Rad1 Qc7 16. Bxd5 exd5 17. dxc5 Qxc5 18. Qg4 g6 19. Qg5 f5 20. Qg3 Qxc2 21.
Rxd5 Qxb2 22. Rxd6 Rad8 23. Rxd8 Rxd8 24. h4 Rd2 25. h5 Kg7 26. Qg5 Kf7 27. Re1
Qxa2 28. Rc1 Rc2 29. Rd1 Rd2 30. Rc1 Rc2 31. Rd1 Rd2 32. Rc1 Rc2 33. Rd1 Rd2 1/2-1/2

[Event "PRO League Group Stage"]
[Site "chess.com INT"]
[Date "2018.02.24"]
[Round "7"]
[White "Ju, Wenjun"]
[Black "Grigoryan, Karen H."]
[Result "1/2-1/2"]
[WhiteTitle "GM"]
[BlackTitle "GM"]
[WhiteElo "2572"]
[BlackElo "2581"]
[WhiteTeam "Chengdu Pandas"]
[BlackTeam "Armenia Eagles"]
[WhiteFideId "8603006"]
[BlackFideId "13301004"]
[EventDate "2018.01.18"]

1. d4 g6 2. Nf3 Bg7 3. g3 d6 4. Bg2 Nd7 5. O-O e5 6. e4 Ngf6 7. Nc3 O-O 8. a4 a5
9. Re1 c6 10. h3 Qc7 11. Be3 Re8 12. Qd2 b6 13. Bh6 Bh8 14. Rad1 Bb7 15. dxe5
dxe5 16. Bf1 Nc5 17. Bc4 Ne6 18. Ng5 Nxg5 19. Bxg5 Rad8 20. Qe3 Rd4 21. Bb3 Qd6
22. Qf3 Qe7 23. Be3 Rb4 24. Bg5 Rd4 25. Ne2 Rd6 26. Rxd6 Qxd6 27. Nc3 Bg7 28.
Rd1 Qe7 29. Qe3 Qc7 30. Rd3 Nd7 31. Rd1 Nc5 32. Bc4 Bc8 33. Kg2 Ne6 34. Bxe6
Bxe6 35. Qd2 Qc8 36. h4 Bh3+ 37. Kh2 Bg4 38. Re1 f6 39. Bh6 Qd8 40. Qxd8 Rxd8
41. Be3 Bf8 42. Kg2 Bb4 43. Bxb6 Rd2 44. Rc1 Bxc3 45. bxc3 Rd1 46. Rxd1 Bxd1 47.
Bxa5 Bxc2 48. Bd8 Kf7 49. a5 Bxe4+ 50. f3 Bd3 51. Kf2 Ke6 52. Ke3 Bc4 53. Bb6 h5
54. Bd8 1/2-1/2